000 00950nam a2200265 i 4500
001 16711
003 ES-MaACL
005 20250725093041.0
007 t|
008 001026s2000 sp ||||1| spa d
020 _a84-86547-52-0
080 _a061.22(460)(091)
080 _a325.3(460)"18"
100 1 _aPedraz Marcos, Azucena.
_989882
245 1 0 _aQuimeras de África :
_bla Sociedad Española de Africanistas y Colonistas : el colonialismo español de finales del siglo XIX /
_cAzucena Pedraz Marcos.
260 _aMadrid :
_bPolifemo,
_c2000.
300 _a431 p. :
_bil., mapas ;
_c24 cm.
504 _aBibliografía: p. [405]-425.
594 _aBasado en la tesis de la autora.
610 2 4 _aSociedad Española de Africanistas y Colonistas.
_9172364
651 4 _aEspaña-
_xColonias-
_yS.XIX
_98176
651 7 _aEspaña-
_xColonias-
_zÁfrica-
_yS.XIX
_2
_9159564
852 _aES-MaACL
_jL-23892
999 _c16711
_d16711